| 000 | 00000nam##2200000za#4500 |
| 001 | 9.624189 |
| 003 | CaOODSP |
| 005 | 20200401034852 |
| 007 | ta |
| 008 | 150406|1997||||xxc||||| f|0| 0 fre|d |
| 020 | |a0-662-81764-8 |
| 040 | |aCaOODSP|bfre |
| 043 | |an-cn--- |
| 086 | 1 |aSC94-62/19-1997F |
| 110 | 1 |aCanada.|bCentre canadien de gestion. |
| 245 | 10|aGuide de consultation du public : |bmodifier les rapports entre le gouvernement et les Canadiens / |cpar Peter Sterne et Sandra Zagon. |
| 260 | |aOttawa - Ontario : |bCentre canadien de gestion |c1997. |
| 300 | |aviii, 104p. : |bfigures, références ; |c28 cm. |
| 490 | 1 |aLes pratiques de gestion|vN° 19 |
| 500 | |a«Le présent guide est un outil pratique qui vise à aider les gestionnaires publics qui entreprennent ou qui envisagent d'entreprendre des consultations du public.»--Page vii. N.B.: Cette publication a déjà été signalée à titre de renseignements seulement, dans la Liste hebdomadaire 1998 n° 9 (le 27 février 1998). |
| 520 | 3 |aLe présent guide est un outil pratique qui vise à aider les gestionnaires publics qui entreprennent ou qui envisagent d'entreprendre des consultations du public.--Page vii |
| 563 | |aCouverture souple |
| 590 | |a98-35|b1998-08-28 |
| 590 | |a98-09|b1998-02-27 |
| 691 | 07|aPolitique gouvernementale|2gcpds |
| 720 | 1 |aSterne, Peter |
| 720 | 1 |aZagon, Sandra |
| 776 | 0#|tGuide de consultation du public : |w(CaOODSP)9.603140 |
| 830 | #0|aLes pratiques de gestion ;|vN° 19|w(CaOODSP)9.513231 |